000 00305nam a2200109Ia 4500
008 220120s9999||||xx |||||||||||||| ||und||
100 _aSchildt, Herbert
245 0 _aComplete reference java2
260 _aTata mcgraw hill company Ltd
_bNew Delhi
_c2001
300 _b185
650 _aSIGNAL PROCESSING
_9719
999 _c137160
_d137160